000 00625nam a2200205Ia 4500
005 20260429112022.0
008 260429s9999||||xx |||||||||||||| ||und||
020 _a9781032132020
041 _aEnglish
082 _a371.26
_bRUS
100 _aRussell, Michael
245 0 _aSystemic racism and educational measurement :
_bconfronting injustice in testing, assessment, and beyond /
_cMichael Russell
250 _a1st ed.
260 _aNew York :
_bRoutledge,
_c2024.
300 _axiii, 400 p.; pbk
650 _a Racism in education
650 _a Social justice
650 _aEducational assessment
942 _cTB
999 _c51919
_d51919